000 00414nam a2200133Ia 4500
008 151015s9999 xx 000 0 und d
020 _a815761066
050 _aGV 583.G68 1974
250 _a_Government and the Sports Business / edited by Roger Noll
300 _aWashington D.C. Brookings, 1974
500 _aIncludes index
650 _a_Sports and state -united states
700 _a^d20130521 12:12:42^oanne
999 _c4607
_d4607